| 000 | 00760nam a2200229Ia 4500 | ||
|---|---|---|---|
| 003 | OSt | ||
| 005 | 20251120115659.0 | ||
| 008 | 210716s2010 xx 000 0 und d | ||
| 020 | _a9780070486843 | ||
| 040 | _cAIMIT LIBRARY | ||
| 041 | _aeng | ||
| 082 |
_a005.761 _bMALE |
||
| 100 |
_aMallach, Efrem G. _9246389 |
||
| 245 |
_aDecision support and data warehouse systems / _cBy Efrem G. Mallach. |
||
| 250 | _a1st ed. | ||
| 260 |
_aNew Delhi : _bTata McGraw Hill Publishing Company Ltd , _c2010. |
||
| 300 |
_axix,664 p.; _b24.5 cm. _cPB |
||
| 650 |
_aData Warehousing _9246390 |
||
| 650 |
_aBuilding and implementing decision support systems _9246391 |
||
| 650 |
_aMathematical models and optimization _9246503 |
||
| 942 |
_2ddc _cBK _e1st ed. _k005.761 MALE |
||
| 999 |
_c191471 _d191471 |
||